El marketing desde la cumbre: sobre el arte de dirigir una empresa de envergadura mundial
Guardado en:
| Autor principal: | |
|---|---|
| Formato: | Libro |
| Lenguaje: | español |
| Publicado: |
Ciudad de México
Fondo de Cultura Económica
1995
|
| Edición: | 1a. ed |
| Colección: | Nueva Cultura Económica
|
| Materias: | |
| Etiquetas: |
Agregar Etiqueta
Sin Etiquetas, Sea el primero en etiquetar este registro!
|
MARC
| LEADER | 00000cam a2200000 a 4500 | ||
|---|---|---|---|
| 001 | UCD6983 | ||
| 003 | CL-VaPUC | ||
| 008 | 170303e19950000mx |||||||||||||||||spa|d | ||
| 020 | |a 9681647165 | ||
| 020 | |a 9681645499 | ||
| 082 | 0 | 4 | |a 658.8 |b MAU |2 21 |
| 100 | |a Maucher, Helmut |e autor |9 590904 | ||
| 245 | 1 | 3 | |a El marketing desde la cumbre: sobre el arte de dirigir una empresa de envergadura mundial |
| 250 | |a 1a. ed | ||
| 300 | |a 165 p | ||
| 942 | |c BK | ||
| 945 | |d 20170303 17:35:00 |a arojas | ||
| 260 | |a Ciudad de México |b Fondo de Cultura Económica |c 1995 | ||
| 650 | 0 | |a Marketing |9 259324 | |
| 650 | 0 | |a Análisis de mercado |9 260838 | |
| 650 | 0 | |a Ventas |9 259323 | |
| 650 | 7 | |a MERCADOTECNIA |2 CL-VaPUC |9 347996 | |
| 583 | |a last modification |c 20170303 17:35:00 |k Rodrigo Vera | ||
| 490 | 0 | |a Nueva Cultura Económica | |
| 999 | |c 367155 |d 367153 | ||
| 952 | |0 0 |1 0 |3 erd |4 0 |6 658_800000000000000_MAU_1995 |7 0 |8 A |9 481847 |a BIBENE |b BIBENE |i 5329361 |o 658.8 MAU 1995 |p 5329361 |r 2025-01-15 |w 2019-11-24 |y BK |z Catalogado en:20170303 |k ICO | ||